| 000 | 00835nam a2200265 i 4500 | ||
|---|---|---|---|
| 001 | 000027744 | ||
| 003 | DO-SdBNP | ||
| 005 | 20240902094218.0 | ||
| 007 | ta | ||
| 008 | 110404s1994 dr 000 0 spa d | ||
| 040 |
_aDO-SdBNP _bspa _cBNPHU _erda |
||
| 082 | 4 |
_a972.93053 _bT266d _222 |
|
| 100 | 1 |
_aTejeda, Adriano Miguel, _954822 _eautor _4aut |
|
| 245 | 1 | 0 |
_aDiario de la Independencia / _cAdriano Miguel Tejeda. |
| 264 |
_aSanto Domingo : _bEditora Taller, _c1994. |
||
| 300 |
_a311 páginas ; _c23 cm. |
||
| 336 |
_atexto _btxt _2rdacontent |
||
| 337 |
_asin mediación _bnc _2rdamedia |
||
| 338 |
_avolumen _bn _2rdacarrier |
||
| 490 |
_aSesquicentenario de la Independencia Nacional _v4 |
||
| 590 | _aInventariado, 2023 / DG | ||
| 650 | 4 |
_aRepública Dominicana _xHistoria 1844-1861 _977348 |
|
| 910 | _aDG | ||
| 942 |
_2ddc _cLBS1 |
||
| 999 |
_c27236 _d27236 |
||